000 00860nam a2200241Ia 4500
003 OSt
005 20250901104145.0
008 210210b1997 xxu||||| |||| 00| 0 eng d
040 _cAL
041 _aKannada
082 _aK894.9 KARS
100 _aKARNATAKA SAHITYA AKADEMI.
_dಕರ್ನಾಟಕ ಸಾಹಿತ್ಯ ಅಕಾಡೆಮಿ
_9234388
245 _aSiddarama. muttina hara malike.
_b ಸಿದ್ದರಾಮ.ಮುತ್ತಿನ ಹಾರ ಮಾಲಿಕೆ
250 _a 1
260 _aBengaluru.
_bKarnataka Sahitya Akademi.,
_c1997
300 _a52
650 _aMuttina Hara Karigauda Bichanahalli
_9234389
650 _amuttina hara malike
_9234393
690 _aKannada Criticism
_9234390
700 _aKarigauda Bichanahalli.
_dಕರೀಗೌಡ ಬೀಚನಹಳ್ಳಿ
_9234391
906 _a057826
942 _2ddc
_cBK
999 _c105417
_d105417